| 000 | 01151nam a22003377a 4500 | ||
|---|---|---|---|
| 003 | CHAP | ||
| 005 | 20220329133621.0 | ||
| 008 | 971013s1994 r 00010 d | ||
| 010 | _a8613 | ||
| 011 | _a9585 | ||
| 035 | _a8820 | ||
| 040 | _cCHAP | ||
| 090 | _aTesis | ||
| 100 | 0 | 0 |
_aMateos Sánchez, Marcelino. _972924 |
| 245 | _aDeterminación de la importancia del viento y los insectos en la polinización y amarre de fruto en papaya (Carica papaya L.) tipo cera | ||
| 260 |
_aChapingo, Méx. : _bEl autor, _c1994 |
||
| 300 |
_a62 h. _b: ilus |
||
| 502 | _aTesis (Ing. Agr. Esp. en Fitotecnia) -- UACH. Departamento de Fitotecnia | ||
| 590 |
_aALEPH _b10 _c20130110 _lUCH01 _h1224 |
||
| 590 |
_aBATCH-UPD _b10 _c20130110 _lUCH01 _h1813 |
||
| 590 |
_aBATCH-UPD _b10 _c20130410 _lUCH01 _h1148 |
||
| 590 |
_aBATCH-UPD _b10 _c20130914 _lUCH01 _h1859 |
||
| 590 |
_aCONVERSION _b10 _c20130109 _lUCH01 _h1306 |
||
| 650 | 1 | 4 |
_aPapaya _xPolen. _985352 |
| 650 | 1 | 4 |
_aPolinización. _990237 |
| 650 | 1 | 4 |
_aPolinizadores. _990238 |
| 700 | 0 |
_aPérez Flores, Julián. _989659 |
|
| 901 | _aBK | ||
| 942 | _cTESIS | ||
| 949 |
_bBC _cTES _d-19172 _eTS1 _h26484 _i8820 _mD _si |
||
| 999 |
_c8613 _d8613 |
||